Viajeros por el antiguo Caldas (Registro nro. 92832)

Detalles MARC
000 -ENCABEZADO
Número de control [NR] 01090nam a22002537a 4500
008 - DE LONGITUD FIJA DE DATOS DE ELEMENTOS - INFORMACIÓN GENERAL
Elementos de longitud fija [NR] 130821s2008 ck a gr spa
020 ## - NUMERO INTERNACIONAL NORMALIZADO PARA LIBROS [R]
Número Internacional Normalizado del libro [NR] 9789589883709
040 ## - FUENTE DE CATALOGACION [NR]
Agencia de catalogación original [NR] Co-BoUCM
Idioma de catalogación [NR] spa
041 00 - CODIGO DE IDIOMA [R]
Código de idioma para texto/pista de sonido o título separado [R] Español
245 00 - MENCION DE TITULO [NR]
Título [NR] Viajeros por el antiguo Caldas
Mención de responsabilidad, etc. [NR] Albeiro Valencia Llano, Fabio Vélez Correa, compiladores.
260 ## - PUBLICACION, DISTRIBUCION, ETC. (PIE DE IMPRENTA) [R]
Lugar de publicación, distribución, etc. [R] Manizales (Caldas, Colombia)
Nombre del editor, distribuidor, etc. [R] Academia Caldense de Historia, Editorial Manigraf
Fecha de publicación, distribución, etc. [R] 2008
300 ## - DESCRIPCION FISICA [R]
Extensión [R] 454 páginas
Otros detalles físicos [NR] ilustraciones, gráficas, tablas
490 #0 - MENCION DE SERIE [R]
Mención de serie [R] Colección.
-- Obras Históricas
Designación numérica/secuencial del volumen [NR] 6
504 ## - NOTA DE BIBLIOGRAFIA, ETC. [R]
Nota de bibliografía, etc. [NR]
650 04 - ASIENTO SECUNDARIO DE MATERIA - TERMINO TEMATICO [R]
Término temático o nombre geográfico como elemento de entrada [NR] Historia de Colombia
9 (RLIN) 26508
650 04 - ASIENTO SECUNDARIO DE MATERIA - TERMINO TEMATICO [R]
Término temático o nombre geográfico como elemento de entrada [NR] Viajeros
Subdivisión de forma [R] Relatos personales
Subdivisión geográfica [R] Caldas (Colombia)
9 (RLIN) 26179
651 #4 - ASIENTO SECUNDARIO DE MATERIA - NOMBRE GEOGRAFICO [R]
Nombre geográfico [NR] Caldas (Colombia)
Subdivisión general [R] Descripciones y viajes
9 (RLIN) 172033
651 #4 - ASIENTO SECUNDARIO DE MATERIA - NOMBRE GEOGRAFICO [R]
Nombre geográfico [NR] Caldas (Colombia)
Subdivisión general [R] Historia
9 (RLIN) 70435
700 1# - ASIENTO SECUNDARIO - NOMBRE PERSONAL [R]
Nombre personal [NR] Valencia LLano, Albeiro
Término de relación [R]
9 (RLIN) 94997
700 1# - ASIENTO SECUNDARIO - NOMBRE PERSONAL [R]
Nombre personal [NR] Vélez Correa, Fabio
Término de relación [R]
9 (RLIN) 172034
710 2# - ASIENTO SECUNDARIO - NOMBRE CORPORATIVO [R]
Nombre corporativo o de jurisdicción como elemento de entrada [NR] Academia Caldense de Historia
9 (RLIN) 172035
942 ## - ELEMENTOS DE ENTRADA AGREGADOS (KOHA)
Tipo de ítem principal el descrito en 300a Libro
Tema principal Historia
Edición 1
Parte restante de la signatura top. V598
Sistema de clasificación DEWEY
Clasificación 918.86135
Existencias
Fecha de último préstamo Total préstamos Total Renewals Signatura topográfica Código de barras Última vez visto Ejemplar Price effective from Tipo de ítem Perdido Sistema de clasificación Dañado No prestable Tipo de ítem específico Suprimido Ubicación habitual Ubicación actual Localización Fecha de creación Forma de adquisición Costo
02/05/2014 1 1 918.86135 V598 100099981 09/12/2025 Ej.1 03/02/2013 Libro   DEWEY     Libro   Claustro Claustro 2do piso 30/09/2009 Donación 26000.00